[Event "zonal 2.4"]
[Site "Sao Paulo BRA"]
[Date "1995.03.??"]
[Round "1"]
[White "Mecking, Henrique"]
[Black "Matsuura, Everaldo"]
[Result "1-0"]
[WhiteElo "2575"]
[BlackElo "2370"]
[EventDate "1995.03.20"]
[PlyCount "89"]

1.d4 d5 2.c4 c6 3.Nf3 Nf6 4.Nc3 e6 5.Bg5 dxc4 6.e4 b5 7.e5 h6 8.Bh4 g5 9.
Nxg5 hxg5 10.Bxg5 Nbd7 11.g3 Qa5 12.exf6 b4 13.Ne4 Ba6 14.b3 Nb6 15.bxc4 
Nxc4 16.Qb3 Qd5 17.f3 Bb5 18.Rc1 Na3 19.Qxd5 cxd5 20.Nd2 Bd6 21.Kf2 Bxf1 
22.Nxf1 Nb5 23.Ke3 Kd7 24.h4 Rac8 25.Rxc8 Rxc8 26.h5 Rc3+ 27.Kf2 Nxd4 28.
h6 Rc8 29.Ne3 a5 30.Bf4 a4 31.Bxd6 Kxd6 32.f4 b3 33.axb3 axb3 34.g4 b2 35.
Rb1 Rb8 36.Nd1 e5 37.Rxb2 Rh8 38.g5 exf4 39.Nc3 Ne6 40.Rb5 d4 41.Ne4+ Kc6 
42.Re5 d3 43.Rxe6+ fxe6 44.g6 Rxh6 45.g7 1-0

[Event "zonal 2.4"]
[Site "Sao Paulo BRA"]
[Date "1995.03.??"]
[Round "1"]
[White "Sunye Neto, Jaime"]
[Black "Bravo Sedamanos, Hector"]
[Result "0-1"]
[WhiteElo "2525"]
[BlackElo "2335"]
[EventDate "1995.03.20"]
[PlyCount "54"]

1.Nf3 c5 2.g3 Nc6 3.Bg2 d5 4.d4 e6 5.O-O Nf6 6.c4 Be7 7.cxd5 exd5 8.Nc3 
O-O 9.Bg5 cxd4 10.Nxd4 h6 11.Bf4 a6 12.Rc1 Re8 13.Qa4 Na5 14.Qc2 Bf8 15.
Rfd1 Bg4 16.h3 Bh5 17.Nf5 Rc8 18.g4 Bg6 19.Qb1 d4 20.e3 Nc6 21.Ne2 Qb6 22.
Nexd4 Nxd4 23.Rxd4 h5 24.Rxc8 Rxc8 25.g5 Qb5 26.e4 Ne8 27.b3 Bc5 0-1

[Event "zonal 2.4"]
[Site "Sao Paulo BRA"]
[Date "1995.03.??"]
[Round "1"]
[White "Vescovi, Giovanni"]
[Black "Leitao, Rafael"]
[Result "1-0"]
[WhiteElo "2465"]
[BlackElo "2310"]
[EventDate "1995.03.20"]
[PlyCount "70"]

1.d4 d5 2.Nf3 c6 3.g3 Nf6 4.Bg2 g6 5.O-O Bg7 6.Ne5 O-O 7.Nc3 Ng4 8.f4 f6 
9.Nxg4 Bxg4 10.Qd3 Na6 11.e4 Be6 12.Be3 Nc7 13.Rae1 Qd7 14.f5 Bf7 15.Bf4 
e5 16.dxe5 fxe5 17.Bg5 h6 18.Be3 gxf5 19.exf5 Qe7 20.Qd2 Kh7 21.Qf2 Qd7 
22.Bc5 Bf6 23.Bxf8 Rxf8 24.Qxa7 e4 25.Rd1 Qc8 26.Bxe4 Bxc3 27.bxc3 dxe4 
28.Qd4 Re8 29.Rf4 Nd5 30.Rg4 Rg8 31.Rxg8 Bxg8 32.c4 Ne7 33.Qxe4 Qc7 34.Re1
Qb6+ 35.Kg2 Nd5 1-0

[Event "zonal 2.4"]
[Site "Sao Paulo BRA"]
[Date "1995.03.??"]
[Round "2"]
[White "Leitao, Rafael"]
[Black "Sunye Neto, Jaime"]
[Result "1/2-1/2"]
[WhiteElo "2310"]
[BlackElo "2525"]
[EventDate "1995.03.20"]
[PlyCount "92"]

1.e4 c5 2.Nf3 e6 3.d4 cxd4 4.Nxd4 a6 5.Bd3 Nf6 6.O-O d6 7.c4 Be7 8.Nc3 O-O
9.Qe2 Re8 10.Be3 Nbd7 11.f4 Bf8 12.Kh1 Qc7 13.Nf3 g6 14.e5 Ng4 15.Bd4 dxe5
16.fxe5 Bg7 17.Rae1 Nh6 18.Ne4 Rd8 19.Bc2 b5 20.Nd6 Nxe5 21.Bxe5 Bxe5 22.
Qxe5 Qxd6 23.Qg5 Qf8 24.Be4 Ra7 25.Ne5 Re8 26.Bc6 Ree7 27.Rf6 Nf5 28.g4 
Qh6 29.Rxf5 Qxg5 30.Rxg5 f6 31.Nxg6 hxg6 32.Rxg6+ Kf7 33.Rh6 Kg7 34.Rh5 
bxc4 35.Be4 f5 36.Bf3 Rac7 37.gxf5 exf5 38.Rxe7+ Rxe7 39.Rh4 Re1+ 40.Kg2 
Be6 41.Rd4 Rb1 42.Rd2 a5 43.Kg3 Kf6 44.Rc2 Ke5 45.Re2+ Kf6 46.Rc2 Ke5 
1/2-1/2

[Event "zonal 2.4"]
[Site "Sao Paulo BRA"]
[Date "1995.03.??"]
[Round "2"]
[White "Pelikian, Jefferson"]
[Black "Disconzi da Silva, Rodrigo"]
[Result "0-1"]
[WhiteElo "2335"]
[BlackElo "2370"]
[EventDate "1995.03.20"]
[PlyCount "116"]

1.e4 c5 2.Nf3 e6 3.b3 b6 4.Bb2 Bb7 5.Nc3 a6 6.g3 Nf6 7.Qe2 d6 8.Bg2 Nbd7 
9.O-O Be7 10.Nh4 Qc7 11.f4 O-O 12.Rae1 Rad8 13.d3 b5 14.e5 Ne8 15.Bxb7 
Qxb7 16.Qg4 c4 17.dxc4 dxe5 18.Ng2 exf4 19.Qxf4 bxc4 20.Qxc4 Bf6 21.Na4 
Nd6 22.Qe2 Nf5 23.Rd1 Bxb2 24.Nxb2 Nf6 25.Rd3 h5 26.Rfd1 Rxd3 27.Rxd3 Ng4 
28.Nd1 Rc8 29.h3 Qb6+ 30.Kh1 Nf6 31.c4 Qc7 32.Qf3 Qe5 33.Nc3 g5 34.h4 gxh4
35.Nxh4 Nh6 36.Qf4 Qe1+ 37.Kg2 Nhg4 38.Qd2 Qe5 39.Nf3 Qc7 40.Qg5+ Kf8 41.
Qd2 Ke7 42.Qe2 Kf8 43.Qd2 Kg7 44.Qg5+ Kh7 45.Qd2 Qc6 46.Qf4 Rg8 47.Kf1 Kh8
48.Qd6 Qa8 49.c5 h4 50.c6 hxg3 51.Ne5 g2+ 52.Kg1 Qa7+ 53.Rd4 Ne8 54.Qd7 
Nxe5 55.Qxa7 Nf3+ 56.Kf2 g1=Q+ 57.Kxf3 Rg3+ 58.Ke2 Re3+ 0-1

[Event "zonal 2.4"]
[Site "Sao Paulo BRA"]
[Date "1995.03.??"]
[Round "2"]
[White "Urday Caceres, Henry"]
[Black "Correa, Aron"]
[Result "1-0"]
[WhiteElo "2440"]
[BlackElo "2345"]
[EventDate "1995.03.20"]
[PlyCount "33"]

1.d4 Nf6 2.Nf3 c5 3.d5 b5 4.Bg5 e6 5.Nc3 b4 6.Na4 Qa5 7.Bxf6 gxf6 8.b3 f5 
9.e4 Bg7 10.Rb1 Bb7 11.Bc4 fxe4 12.Ng5 O-O 13.Qh5 h6 14.Nxe4 Na6 15.O-O 
Nc7 16.Nexc5 Bxd5 17.Nb7 1-0

[Event "zonal 2.4"]
[Site "Sao Paulo BRA"]
[Date "1995.03.??"]
[Round "3"]
[White "Bravo Sedamanos, Hector"]
[Black "Leitao, Rafael"]
[Result "0-1"]
[WhiteElo "2335"]
[BlackElo "2310"]
[EventDate "1995.03.20"]
[PlyCount "86"]

1.e4 c5 2.Nf3 d6 3.d4 cxd4 4.Qxd4 Nc6 5.Bb5 Bd7 6.Bxc6 Bxc6 7.c4 Nf6 8.Nc3
g6 9.O-O Bg7 10.Qd3 O-O 11.Bg5 h6 12.Bd2 Nd7 13.Rfe1 Nc5 14.Qe3 a5 15.Nd4 
Qb6 16.Nxc6 bxc6 17.Rab1 a4 18.Ne2 Kh7 19.Bc3 Bxc3 20.Nxc3 Qb4 21.Qd4 Ne6 
22.Qd3 Nc5 23.Qd4 Rad8 24.a3 Qb6 25.Re3 e5 26.Qd2 Kg7 27.Rh3 Rh8 28.Rg3 
Qa6 29.Qe2 Ne6 30.Qf1 Rd7 31.Re3 Rb8 32.g3 Qa7 33.Qd1 Rb3 34.Rd3 Nd4 35.
Ne2 Nf3+ 36.Kg2 Ne1+ 37.Qxe1 Rxd3 38.Nc1 Rd4 39.Qe2 Qc5 40.b3 Qxa3 41.Qc2 
Rb7 42.f3 Qb4 43.Nd3 axb3 0-1

[Event "zonal 2.4"]
[Site "Sao Paulo BRA"]
[Date "1995.03.??"]
[Round "3"]
[White "Correa, Aron"]
[Black "Pelikian, Jefferson"]
[Result "1-0"]
[WhiteElo "2345"]
[BlackElo "2335"]
[EventDate "1995.03.20"]
[PlyCount "80"]

1.d4 Nf6 2.c4 e5 3.dxe5 Ng4 4.Nf3 Bc5 5.e3 Nc6 6.Nc3 Ngxe5 7.Nxe5 Nxe5 8.
Be2 O-O 9.O-O Re8 10.b3 a5 11.Na4 Bf8 12.e4 d6 13.f4 Nd7 14.Bf3 Rb8 15.Bb2
b6 16.Qc2 Bb7 17.Rad1 Qe7 18.Nc3 Nc5 19.Rfe1 c6 20.a3 Qc7 21.b4 axb4 22.
axb4 Nd7 23.Qb3 Rbd8 24.Ne2 Be7 25.Ng3 Bf8 26.Nh5 c5 27.b5 Re6 28.Qc3 f6 
29.e5 dxe5 30.Bxb7 Qxb7 31.fxe5 fxe5 32.Qh3 Rg6 33.Re2 Qc8 34.Red2 Nf6 35.
Nxf6+ gxf6 36.Rd7 Rg7 37.Qe6+ Kh8 38.Qxf6 Re8 39.Bxe5 Rxe5 40.Qxe5 Qa8 1-0

[Event "zonal 2.4"]
[Site "Sao Paulo BRA"]
[Date "1995.03.??"]
[Round "3"]
[White "Vescovi, Giovanni"]
[Black "Urday Caceres, Henry"]
[Result "1/2-1/2"]
[WhiteElo "2465"]
[BlackElo "2440"]
[EventDate "1995.03.20"]
[PlyCount "50"]

1.d4 Nf6 2.Nf3 e6 3.Bg5 b6 4.Nbd2 Bb7 5.e3 c5 6.Bd3 Be7 7.O-O O-O 8.c3 d5 
9.Ne5 Ne4 10.Bxe7 Qxe7 11.Nxe4 dxe4 12.Bc2 f6 13.Nc4 Nd7 14.Qe2 f5 15.Rfd1
cxd4 16.cxd4 Rac8 17.Bb3 Ba6 18.Rac1 Rc7 19.Qd2 Rfc8 20.Na3 Nf6 21.Rxc7 
Rxc7 22.Rc1 Kf7 23.Nc4 Bxc4 24.Bxc4 Qd6 25.h3 Nd5 1/2-1/2

[Event "zonal 2.4"]
[Site "Sao Paulo BRA"]
[Date "1995.03.??"]
[Round "4"]
[White "Bravo Sedamanos, Hector"]
[Black "Pelikian, Jefferson"]
[Result "1/2-1/2"]
[WhiteElo "2335"]
[BlackElo "2335"]
[EventDate "1995.03.20"]
[PlyCount "64"]

1.e4 c5 2.Nf3 d6 3.d4 cxd4 4.Nxd4 Nf6 5.Nc3 g6 6.f3 Bg7 7.Be3 O-O 8.Bc4 
Nc6 9.Qd2 Bd7 10.h4 h5 11.O-O-O Rc8 12.Bb3 Ne5 13.Bg5 Rc5 14.g4 hxg4 15.f4
Nc4 16.Qe2 Na5 17.e5 Nxb3+ 18.Nxb3 Rxc3 19.bxc3 Bc6 20.Rhf1 Ne4 21.exd6 
Nxc3 22.Qc4 Nxa2+ 23.Kb1 Nc3+ 24.Kc1 Na2+ 25.Kb1 Nc3+ 26.Kc1 Qb6 27.dxe7 
Qe3+ 28.Rd2 Na2+ 29.Kb1 Nc3+ 30.Kc1 Na2+ 31.Kb1 Nc3+ 32.Kc1 Na2+ 1/2-1/2

[Event "zonal 2.4"]
[Site "Sao Paulo BRA"]
[Date "1995.03.??"]
[Round "4"]
[White "Matsuura, Everaldo"]
[Black "Correa, Aron"]
[Result "1-0"]
[WhiteElo "2370"]
[BlackElo "2345"]
[EventDate "1995.03.20"]
[PlyCount "103"]

1.e4 Nf6 2.e5 Nd5 3.d4 d6 4.Nf3 Bg4 5.Be2 e6 6.O-O Be7 7.c4 Nb6 8.Nc3 O-O 
9.Be3 a6 10.b3 d5 11.c5 Nc8 12.Ne1 Bxe2 13.Nxe2 Nc6 14.Nd3 Qe8 15.Nef4 Kh8
16.Qg4 Rg8 17.Nh3 Bd8 18.Qh5 f5 19.Qxe8 Rxe8 20.b4 g5 21.Nxg5 Bxg5 22.Bxg5
Nxd4 23.Nf4 Kg7 24.Bf6+ Kf7 25.Rad1 Nc6 26.Rd3 N8e7 27.Rh3 Rh8 28.Bxh8 
Rxh8 29.Nd3 Ng6 30.Re3 f4 31.Nxf4 Nxf4 32.Rf3 Nxe5 33.Rxf4+ Ke7 34.Rh4 h5 
35.Re1 Ng6 36.Rd4 c6 37.f4 Rf8 38.g3 e5 39.fxe5 Ke6 40.Rd2 Nxe5 41.Rf2 
Rxf2 42.Kxf2 d4 43.Ke2 Kd5 44.Rf1 Kc4 45.Kd2 Ng4 46.h3 Ne3 47.Rf4 Nd5 48.
Rh4 Ne3 49.g4 hxg4 50.hxg4 Kd5 51.Kd3 Ke5 52.Rh5+ 1-0

[Event "zonal 2.4"]
[Site "Sao Paulo BRA"]
[Date "1995.03.??"]
[Round "4"]
[White "Urday Caceres, Henry"]
[Black "Sunye Neto, Jaime"]
[Result "1/2-1/2"]
[WhiteElo "2440"]
[BlackElo "2525"]
[EventDate "1995.03.20"]
[PlyCount "108"]

1.d4 Nf6 2.Nf3 b6 3.b3 Bb7 4.Bb2 g6 5.c4 Bg7 6.g3 O-O 7.Bg2 e6 8.O-O c5 9.
dxc5 bxc5 10.Nc3 Qe7 11.Qd2 Rd8 12.Rfd1 d5 13.cxd5 exd5 14.Rac1 Na6 15.Ba3
d4 16.Na4 Ne4 17.Qc2 Nc3 18.Nxc3 dxc3 19.Ne1 Bxg2 20.Nxg2 Nb4 21.Bxb4 cxb4
22.Rxd8+ Rxd8 23.Rd1 h5 24.h4 Bh6 25.e3 a5 26.Rd3 Rxd3 27.Qxd3 Qc7 28.Ne1 
Bf8 29.Nc2 Qc6 30.e4 Bc5 31.Kg2 Kg7 32.f3 a4 33.bxa4 Qxa4 34.a3 Kh7 35.
axb4 Bxb4 36.e5 Ba5 37.Ne3 Qc6 38.Qd6 Qxd6 39.exd6 Kg7 40.Kf1 Kf6 41.Ke2 
Ke6 42.Kd3 Bb4 43.Nc4 f6 44.g4 Bxd6 45.Kxc3 Bg3 46.Kd3 Bxh4 47.gxh5 gxh5 
48.Ke4 Be1 49.f4 h4 50.f5+ Kf7 51.Ne3 h3 52.Kf3 Kg7 53.Nf1 Kh6 54.Kg4 Bf2 
1/2-1/2

[Event "zonal 2.4"]
[Site "Sao Paulo BRA"]
[Date "1995.03.??"]
[Round "4"]
[White "Vescovi, Giovanni"]
[Black "Mecking, Henrique"]
[Result "1-0"]
[WhiteElo "2465"]
[BlackElo "2575"]
[EventDate "1995.03.20"]
[PlyCount "115"]

1.d4 Nf6 2.Nf3 g6 3.Nc3 d5 4.Bf4 Bg7 5.e3 O-O 6.Be2 c5 7.Ne5 Nc6 8.Qd2 Ne4
9.Nxe4 dxe4 10.Nxc6 bxc6 11.Be5 cxd4 12.Bxg7 Kxg7 13.Qxd4+ Qxd4 14.exd4 
Be6 15.O-O-O Rad8 16.Rhe1 Rd6 17.Bf1 f5 18.b3 g5 19.c3 h5 20.Rd2 Kf6 21.b4
Rfd8 22.Rb2 Bf7 23.a4 e5 24.dxe5+ Kxe5 25.f3 Bd5 26.g3 g4 27.fxe4 Bxe4 28.
Rf2 Re6 29.Bg2 Rd3 30.Kb2 Kd6 31.Bf1 Rf3 32.Rd2+ Bd5 33.Red1 Ke7 34.Bg2 
Rfe3 35.Bxd5 cxd5 36.Rxd5 Kf6 37.R1d2 h4 38.Rf2 Re2+ 39.Rd2 Rxf2 40.Rxf2 
hxg3 41.hxg3 Re3 42.Rg2 Ke5 43.b5 Ke4 44.Rg1 Kf3 45.Rf1+ Ke4 46.Rg1 Kf3 
47.c4 Kf2 48.Rc1 Kxg3 49.c5 f4 50.c6 f3 51.c7 Re8 52.a5 f2 53.b6 axb6 54.
axb6 Re2+ 55.Kb1 Re1 56.c8=Q f1=Q 57.Qc3+ Kf2 58.Qxe1+ 1-0

[Event "zonal 2.4"]
[Site "Sao Paulo BRA"]
[Date "1995.03.??"]
[Round "5"]
[White "Disconzi da Silva, Rodrigo"]
[Black "Correa, Aron"]
[Result "1-0"]
[WhiteElo "2370"]
[BlackElo "2345"]
[EventDate "1995.03.20"]
[PlyCount "107"]

1.d4 d6 2.c4 e5 3.Nf3 Nd7 4.Nc3 g6 5.e4 Bg7 6.d5 Ngf6 7.h3 Nc5 8.Qc2 a5 9.
Bg5 h6 10.Be3 O-O 11.Nd2 Nh5 12.O-O-O f5 13.Be2 Nf4 14.Bf1 Nh5 15.Kb1 b6 
16.Be2 Nf4 17.Bf3 Nfd3 18.Nf1 f4 19.Bxc5 Nxc5 20.Bg4 Ba6 21.Na4 Qh4 22.Nh2
Nxa4 23.Nf3 Qe7 24.Qxa4 Rfb8 25.Bd7 b5 26.Bxb5 Bxb5 27.cxb5 Qd7 28.Rd3 
Qxb5 29.Qxb5 Rxb5 30.Nd2 Bf6 31.Rc1 Bd8 32.Rb3 Rxb3 33.Nxb3 Kf7 34.Rc4 a4 
35.Nc1 Ke8 36.Kc2 Kd7 37.Nd3 Bh4 38.Kd2 h5 39.Ke2 Bg5 40.Rb4 Bd8 41.Rb7 
Kc8 42.Rb5 Ra6 43.Nb4 Rb6 44.Rxb6 cxb6 45.Nc6 Bh4 46.Na7+ Kb7 47.Nb5 Be7 
48.Nc3 a3 49.b4 Ka6 50.Kd3 Bh4 51.f3 Be1 52.Kc4 Bxc3 53.Kxc3 g5 54.Kc4 1-0

[Event "zonal 2.4"]
[Site "Sao Paulo BRA"]
[Date "1995.03.??"]
[Round "5"]
[White "Milos, Gilberto"]
[Black "Vescovi, Giovanni"]
[Result "1-0"]
[WhiteElo "2560"]
[BlackElo "2465"]
[EventDate "1995.03.20"]
[PlyCount "78"]

1.d4 d6 2.e4 Nf6 3.Nc3 g6 4.Nf3 Bg7 5.Be2 Bg4 6.O-O O-O 7.h3 Bxf3 8.Bxf3 
Nc6 9.Bg5 Nd7 10.Ne2 Qe8 11.c3 e5 12.g3 Kh8 13.Qd2 Nb6 14.Bh6 Bxh6 15.Qxh6
Ne7 16.Rad1 Qa4 17.Nc1 Qb5 18.b3 a5 19.a4 Qc6 20.Qe3 Kg7 21.Be2 f5 22.dxe5
Qxe4 23.Qxe4 fxe4 24.exd6 Ned5 25.Na2 cxd6 26.c4 Nf6 27.Rxd6 Nbd7 28.Bd1 
Rad8 29.Bc2 Ne5 30.Rxd8 Rxd8 31.Rd1 Nf3+ 32.Kf1 Re8 33.Nc3 g5 34.Nd5 g4 
35.Nxf6 Kxf6 36.hxg4 Kg5 37.Ke2 Kxg4 38.Ke3 Ng5 39.Rd5 h6 1-0

[Event "zonal 2.4"]
[Site "Sao Paulo BRA"]
[Date "1995.03.??"]
[Round "5"]
[White "Pelikian, Jefferson"]
[Black "Matsuura, Everaldo"]
[Result "0-1"]
[WhiteElo "2335"]
[BlackElo "2370"]
[EventDate "1995.03.20"]
[PlyCount "79"]

1.e4 e5 2.Nf3 Nc6 3.Nc3 Nf6 4.Bb5 Bb4 5.d3 d6 6.O-O O-O 7.Bg5 Bxc3 8.bxc3 
Qe7 9.Re1 Nd8 10.d4 Ne6 11.Bc1 c6 12.Bf1 Qc7 13.Rb1 Re8 14.g3 Bd7 15.Bg2 
Rad8 16.Nh4 d5 17.exd5 Nxd5 18.Qd3 exd4 19.cxd4 Bc8 20.c4 Nb6 21.Bb2 Qd7 
22.Rbd1 Nc7 23.Rxe8+ Qxe8 24.Be4 h6 25.Re1 Be6 26.c5 Nbd5 27.a4 Nf6 28.Bg2
Qd7 29.Nf3 Bd5 30.Ne5 Qe6 31.Qd2 Bxg2 32.Kxg2 Qd5+ 33.Nf3 Ne6 34.Re5 Qb3 
35.a5 Rd5 36.Re3 Qb5 37.Qc2 Rd8 38.Rb3 Qa4 39.Qc3 Nd5 40.Qc2 0-1

[Event "zonal 2.4"]
[Site "Sao Paulo BRA"]
[Date "1995.03.??"]
[Round "5"]
[White "Sunye Neto, Jaime"]
[Black "Lima, Darcy"]
[Result "1/2-1/2"]
[WhiteElo "2525"]
[BlackElo "2505"]
[EventDate "1995.03.20"]
[PlyCount "25"]

1.c4 e5 2.Nc3 Nf6 3.Nf3 Nc6 4.d3 Be7 5.e4 d6 6.Be2 O-O 7.O-O Re8 8.h3 Bf8 
9.Be3 Nd7 10.a3 Ne7 11.Re1 Ng6 12.Bf1 c6 13.d4 1/2-1/2

[Event "zonal 2.4"]
[Site "Sao Paulo BRA"]
[Date "1995.03.??"]
[Round "5"]
[White "Urday Caceres, Henry"]
[Black "Bravo Sedamanos, Hector"]
[Result "1/2-1/2"]
[WhiteElo "2440"]
[BlackElo "2335"]
[EventDate "1995.03.20"]
[PlyCount "80"]

1.c4 e5 2.Nc3 Nf6 3.g3 d5 4.cxd5 Nxd5 5.Bg2 Nb6 6.Nf3 Nc6 7.O-O Be7 8.a3 
O-O 9.b4 a6 10.d3 Be6 11.Bb2 f6 12.Ne4 Kh8 13.Rc1 Qd7 14.Re1 Bg8 15.Nfd2 
Nd8 16.Nb3 Na4 17.Ba1 Ne6 18.Na5 c5 19.Nxb7 cxb4 20.Nxf6 gxf6 21.Bc6 Nc3 
22.Bxd7 Nxd1 23.Rexd1 bxa3 24.f4 Nd4 25.Kf2 Nb3 26.Rc7 Nxa1 27.Rxa1 a2 28.
Be6 Bxe6 29.Rxe7 Kg8 30.Na5 Rab8 31.Nc4 Bxc4 32.dxc4 Rb2 33.fxe5 fxe5+ 34.
Ke3 Rd8 35.Rxe5 Rdd2 36.Ra5 Rxe2+ 37.Kd4 Rxh2 38.Rxa6 Kg7 39.c5 Rhd2+ 40.
Kc4 Rdc2+ 1/2-1/2

[Event "zonal 2.4"]
[Site "Sao Paulo BRA"]
[Date "1995.03.??"]
[Round "6"]
[White "Correa, Aron"]
[Black "Bravo Sedamanos, Hector"]
[Result "1-0"]
[WhiteElo "2345"]
[BlackElo "2335"]
[EventDate "1995.03.20"]
[PlyCount "121"]

1.d4 f5 2.g3 g6 3.Bg2 Bg7 4.c3 Nf6 5.Nd2 O-O 6.Qb3+ d5 7.Nh3 c6 8.O-O Kh8 
9.Nf3 Ne4 10.Ne5 Nd7 11.f3 Nd6 12.f4 Qb6 13.Be3 Nxe5 14.fxe5 Nc4 15.Bg5 
Re8 16.Qxb6 Nxb6 17.b3 Kg8 18.Bd2 e6 19.Nf2 Bf8 20.Nd3 Nd7 21.Bf3 Be7 22.
g4 Nf8 23.c4 Rd8 24.gxf5 exf5 25.cxd5 cxd5 26.Ba5 b6 27.Bb4 Bxb4 28.Nxb4 
Bb7 29.Rac1 Ne6 30.e3 a5 31.Nc6 Rd7 32.Rf2 Kg7 33.Rfc2 g5 34.b4 axb4 35.
Nxb4 Ra3 36.Rc3 Ra5 37.Bh5 Ra8 38.Be2 Rf7 39.Bh5 Rd7 40.Bf3 g4 41.Bd1 h5 
42.Bb3 Rf8 43.Nd3 f4 44.Nxf4 Nxf4 45.exf4 Rxf4 46.e6 Re7 47.Rc7 Kf6 48.
Rxe7 Kxe7 49.Rc7+ Kxe6 50.Rxb7 Rxd4 51.Rxb6+ Kf5 52.Rh6 h4 53.Rxh4 Kg5 54.
Rh8 Rd2 55.Rf8 d4 56.Rf1 Re2 57.Rd1 Re4 58.Bd5 Rf4 59.Rf1 d3 60.Rxf4 Kxf4 
61.Kf2 1-0

[Event "zonal 2.4"]
[Site "Sao Paulo BRA"]
[Date "1995.03.??"]
[Round "6"]
[White "Lima, Darcy"]
[Black "Vescovi, Giovanni"]
[Result "1/2-1/2"]
[WhiteElo "2505"]
[BlackElo "2465"]
[EventDate "1995.03.20"]
[PlyCount "74"]

1.g3 e5 2.Bg2 Nc6 3.e4 Nf6 4.Nc3 Bc5 5.Nf3 d6 6.d3 a6 7.O-O O-O 8.Bg5 h6 
9.Be3 Be6 10.d4 exd4 11.Nxd4 Nxd4 12.Bxd4 Bxd4 13.Qxd4 Qe7 14.Rfe1 Rfe8 
15.Rad1 Rad8 16.h3 c6 17.Kh2 Bc8 18.f4 Qc7 19.Bf3 c5 20.Qf2 b5 21.a3 Bb7 
22.Nd5 Nxd5 23.exd5 Qc8 24.g4 Rxe1 25.Rxe1 Re8 26.Rxe8+ Qxe8 27.b4 Qa8 28.
Qd2 Qc8 29.Qd3 Qd8 30.Qe3 cxb4 31.axb4 g5 32.Qd4 Qe7 33.Kg2 Bc8 34.c4 bxc4
35.Qxc4 Bb7 36.Qd4 Bc8 37.Qc4 Bb7 1/2-1/2

[Event "zonal 2.4"]
[Site "Sao Paulo BRA"]
[Date "1995.03.??"]
[Round "6"]
[White "Pelikian, Jefferson"]
[Black "Leitao, Rafael"]
[Result "1/2-1/2"]
[WhiteElo "2335"]
[BlackElo "2310"]
[EventDate "1995.03.20"]
[PlyCount "26"]

1.e4 c5 2.Nc3 Nc6 3.f4 g6 4.Nf3 Bg7 5.Bb5 Nd4 6.Nxd4 cxd4 7.Ne2 a6 8.Ba4 
e6 9.O-O Ne7 10.d3 O-O 11.Qe1 d6 12.Bb3 Nc6 13.Bd2 d5 1/2-1/2

[Event "zonal 2.4"]
[Site "Sao Paulo BRA"]
[Date "1995.03.??"]
[Round "7"]
[White "Leitao, Rafael"]
[Black "Correa, Aron"]
[Result "0-1"]
[WhiteElo "2310"]
[BlackElo "2345"]
[EventDate "1995.03.20"]
[PlyCount "82"]

1.d4 d6 2.e4 Nf6 3.Nc3 g6 4.f4 Bg7 5.Nf3 O-O 6.Be3 b6 7.Bc4 Bb7 8.e5 Ng4 
9.Qe2 Nxe3 10.Qxe3 e6 11.O-O-O Bxf3 12.Qxf3 d5 13.Nxd5 exd5 14.Bxd5 c6 15.
Bb3 Qc7 16.h4 Nd7 17.h5 Rfe8 18.hxg6 hxg6 19.Qh3 Nf8 20.c3 Rad8 21.g4 c5 
22.d5 Bxe5 23.fxe5 Qxe5 24.Ba4 Qe3+ 25.Qxe3 Rxe3 26.Bc6 g5 27.Rhe1 Rxe1 
28.Rxe1 Ng6 29.Kc2 f6 30.Re6 Kf7 31.Re4 Ne5 32.Ba4 Ke7 33.c4 Rh8 34.Kd2 
Rh2+ 35.Kc3 Rh3+ 36.Kd2 Rd3+ 37.Ke2 Rg3 38.Bc2 Rg2+ 39.Kd1 Rxg4 40.Rxg4 
Nxg4 41.Ke2 Kd6 0-1

[Event "zonal 2.4"]
[Site "Sao Paulo BRA"]
[Date "1995.03.??"]
[Round "7"]
[White "Milos, Gilberto"]
[Black "Lima, Darcy"]
[Result "1/2-1/2"]
[WhiteElo "2560"]
[BlackElo "2505"]
[EventDate "1995.03.20"]
[PlyCount "101"]

1.e4 c5 2.Nf3 d6 3.d4 cxd4 4.Nxd4 Nf6 5.Nc3 Nc6 6.Bc4 e6 7.Be3 Be7 8.Qe2 
a6 9.Bb3 Qc7 10.Rg1 Na5 11.g4 Nxb3 12.axb3 Nd7 13.g5 b6 14.h4 Bb7 15.h5 g6
16.Rh1 Rf8 17.hxg6 hxg6 18.Rh7 b5 19.Qg4 Ne5 20.Qg2 b4 21.Na4 Nd7 22.O-O-O
Rc8 23.c4 bxc3 24.Nxc3 Nc5 25.f3 Qb6 26.Kb1 e5 27.Nde2 Qxb3 28.Nc1 Qc4 29.
Bxc5 Qxc5 30.Qd2 Rb8 31.Nd3 Qa5 32.f4 exf4 33.e5 dxe5 34.Qe2 Rd8 35.Re1 f3
36.Qe3 Bd6 37.Ne4 Bxe4 38.Qxe4 Qb5 39.Qxf3 Rd7 40.Rh2 Kd8 41.Rc2 Qb7 42.
Rc6 Re8 43.Rec1 Re6 44.Nf2 Bb4 45.Rc8+ Qxc8 46.Rxc8+ Kxc8 47.Qa8+ Kc7 48.
Qa7+ Kc8 49.Qa8+ Kc7 50.Qa7+ Kc8 51.Qa8+ 1/2-1/2

[Event "zonal 2.4"]
[Site "Sao Paulo BRA"]
[Date "1995.03.??"]
[Round "7"]
[White "Urday Caceres, Henry"]
[Black "Pelikian, Jefferson"]
[Result "1-0"]
[WhiteElo "2440"]
[BlackElo "2335"]
[EventDate "1995.03.20"]
[PlyCount "79"]

1.c4 c5 2.Nc3 Nc6 3.g3 g6 4.Bg2 Bg7 5.a3 d6 6.e3 h5 7.h3 e5 8.Nge2 Be6 9.
Nd5 Nge7 10.Nec3 f5 11.d3 Qd7 12.h4 O-O 13.Rb1 Rae8 14.b4 b6 15.Bd2 Kh7 
16.b5 Nd8 17.O-O Nxd5 18.Nxd5 Nf7 19.a4 Nh6 20.a5 Qd8 21.Rb3 Ng4 22.axb6 
axb6 23.Ra3 Nf6 24.Nxf6+ Rxf6 25.Qb3 Rff8 26.Bc6 Bd7 27.Ra7 Re7 28.Rfa1 
Bc8 29.Bc3 Rxa7 30.Rxa7 g5 31.d4 cxd4 32.exd4 Kg6 33.dxe5 Bxe5 34.Bxe5 
dxe5 35.Qe3 e4 36.hxg5 Be6 37.Bxe4 fxe4 38.Qxe4+ Bf5 39.Qc6+ Kxg5 40.Rg7+ 
1-0

[Event "zonal 2.4"]
[Site "Sao Paulo BRA"]
[Date "1995.03.??"]
[Round "7"]
[White "Vescovi, Giovanni"]
[Black "Matsuura, Everaldo"]
[Result "0-1"]
[WhiteElo "2465"]
[BlackElo "2370"]
[EventDate "1995.03.20"]
[PlyCount "114"]

1.d4 d5 2.Nf3 Nf6 3.c4 c6 4.Nc3 e6 5.Bg5 dxc4 6.e4 b5 7.e5 h6 8.Bh4 g5 9.
exf6 gxh4 10.Ne5 Qxf6 11.a4 c5 12.Ng4 Qe7 13.axb5 Bb7 14.dxc5 Qxc5 15.Ra4 
Bg7 16.Rxc4 Qe7 17.Be2 O-O 18.O-O h3 19.g3 Rd8 20.Qc1 h5 21.Ne3 Nd7 22.Rc7
Rab8 23.Nc4 Qf6 24.Rd1 Bh6 25.Qb1 Nf8 26.Bxh5 Bf3 27.Rxf7 Rxd1+ 28.Nxd1 
Qg5 29.Rxf3 Qxh5 30.Qd3 Rd8 31.Qe2 Qxb5 32.Nc3 Qb3 33.Ne5 Bg7 34.Re3 Qb7 
35.f4 Nd7 36.Nf3 Qb6 37.Na4 Qb4 38.Nc3 Nc5 39.Ne5 Qb3 40.Nf3 Qb6 41.Qb5 
Rd1+ 42.Ne1 Qxb5 43.Nxb5 Bxb2 44.Kf1 a6 45.Nc3 Rc1 46.Ne2 Rc4 47.Nf3 a5 
48.Ng5 a4 49.Nxe6 Ne4 50.Ng5 a3 51.Rxa3 Bxa3 52.Nxh3 Bc5 53.Kg2 Rc2 54.Kf3
Nd2+ 55.Kg2 Nb3 56.Kf3 Nd4+ 57.Nxd4 Bxd4 0-1

[Event "zonal 2.4"]
[Site "Sao Paulo BRA"]
[Date "1995.03.??"]
[Round "8"]
[White "Leitao, Rafael"]
[Black "Urday Caceres, Henry"]
[Result "1/2-1/2"]
[WhiteElo "2310"]
[BlackElo "2440"]
[EventDate "1995.03.20"]
[PlyCount "56"]

1.d4 Nf6 2.c4 e6 3.Nc3 Bb4 4.Qb3 c5 5.dxc5 Nc6 6.Nf3 Ne4 7.Bd2 Nxd2 8.Nxd2
Bxc5 9.Nde4 b6 10.O-O-O O-O 11.e3 Be7 12.Be2 a6 13.Rd2 Qc7 14.Rhd1 Na5 15.
Qa4 b5 16.cxb5 d5 17.Rc2 axb5 18.Nxb5 Qxh2 19.Ng3 Bd7 20.Qf4 Qh4 21.Qxh4 
Bxh4 22.e4 Bxb5 23.Bxb5 Rfb8 24.Bd3 d4 25.e5 Ra7 26.Ne4 Be7 27.f4 Rab7 28.
Kb1 Ba3 1/2-1/2

[Event "zonal 2.4"]
[Site "Sao Paulo BRA"]
[Date "1995.03.??"]
[Round "8"]
[White "Lima, Darcy"]
[Black "Bravo Sedamanos, Hector"]
[Result "1-0"]
[WhiteElo "2505"]
[BlackElo "2335"]
[EventDate "1995.03.20"]
[PlyCount "83"]

1.e4 e5 2.Nc3 Nc6 3.g3 g6 4.Bg2 Bg7 5.d3 d6 6.Be3 Be6 7.Nf3 Nf6 8.Ng5 Bd7 
9.f4 O-O 10.Qd2 a6 11.O-O-O b5 12.h3 b4 13.Ne2 a5 14.g4 exf4 15.Bxf4 a4 
16.Kb1 Qe7 17.Rhf1 Rfb8 18.Bg3 Be8 19.Rf2 Ra6 20.Rdf1 b3 21.cxb3 axb3 22.
a3 Nb4 23.Nc3 c6 24.Nxf7 Bxf7 25.g5 Nh5 26.Rxf7 Qe6 27.Bh2 Nc2 28.e5 d5 
29.Qf2 Rba8 30.Qc5 Ra5 31.Qe7 Qxe7 32.Rxe7 Ne3 33.Rf2 Rf8 34.Bf3 Nf4 35.
Bxf4 Rxf4 36.Ne2 Rf8 37.Nd4 Ra4 38.Rxg7+ Kxg7 39.Ne6+ Kg8 40.Nxf8 Kxf8 41.
Bxd5+ Ke7 42.Rf7+ 1-0

[Event "zonal 2.4"]
[Site "Sao Paulo BRA"]
[Date "1995.03.??"]
[Round "8"]
[White "Milos, Gilberto"]
[Black "Disconzi da Silva, Rodrigo"]
[Result "1-0"]
[WhiteElo "2560"]
[BlackElo "2370"]
[EventDate "1995.03.20"]
[PlyCount "87"]

1.e4 c5 2.Nf3 Nc6 3.d4 cxd4 4.Nxd4 g6 5.c4 Nf6 6.Nc3 d6 7.Nc2 Bg7 8.Be2 
O-O 9.O-O b6 10.Bg5 Bb7 11.Rc1 Nb8 12.f3 Nbd7 13.Qd2 Rc8 14.Rfd1 Re8 15.
Kh1 Qc7 16.Bf1 Qb8 17.b3 Rc5 18.Be3 Rcc8 19.Nd5 Rcd8 20.Bg5 Rc8 21.Qf2 h6 
22.Be3 Rcd8 23.Bd4 Kh7 24.Nce3 Nh5 25.Bxg7 Kxg7 26.Rd2 Nc5 27.Rcd1 Bc6 28.
b4 Nd7 29.Bd3 e6 30.Nc3 Ne5 31.Bc2 g5 32.Ne2 Ng6 33.Nd4 Bd7 34.Bb3 Nf6 35.
Ne2 Bc6 36.Ng3 Ne7 37.Rd3 b5 38.Qb2 Kg6 39.R3d2 bxc4 40.Nxc4 Nc8 41.e5 Nd5
42.Bc2+ f5 43.exf6+ Kf7 44.Bg6+ 1-0

[Event "zonal 2.4"]
[Site "Sao Paulo BRA"]
[Date "1995.03.??"]
[Round "9"]
[White "Matsuura, Everaldo"]
[Black "Lima, Darcy"]
[Result "1/2-1/2"]
[WhiteElo "2370"]
[BlackElo "2505"]
[EventDate "1995.03.20"]
[PlyCount "36"]

1.e4 e6 2.d4 d5 3.Nc3 Bb4 4.e5 c5 5.a3 Bxc3+ 6.bxc3 Nc6 7.Qg4 g6 8.Nf3 Qa5
9.Bd2 Qa4 10.Ra2 c4 11.Be2 Bd7 12.Qf4 h6 13.h4 Rh7 14.Nh2 O-O-O 15.Ng4 g5 
16.Qg3 Rg7 17.hxg5 hxg5 18.Kd1 b5 1/2-1/2